Báječní ľudia na bežkách Biela stopa Slovenského národného povstania - päťtisícový sprievod vďaky

Bibliographic Details
Main Author: Zerer, Anton, 1950-2018 (Author)
Format: Article
Language:Slovak
Subjects:

MARC

LEADER 00000nab a2200000 a 4500
001 vtls000078638
003 SK-MaSNL
005 20260303031732.0
008 111103c1981 xo 0 slo
015 |a SNBRB19rr/mm-uuuuu 
035 |a CL0088739 
040 |a SNKBUCL  |b slo  |c SNKBUCL  |e AACR2 
041 0 |a slo 
044 |a xo  |c SK 
080 |a 796.921  |2 1981 
080 |a 796.092  |2 1981 
100 1 |a Zerer, Anton,  |d 1950-2018  |4 aut  |9 126169 
245 1 0 |a Báječní ľudia na bežkách  |b Biela stopa Slovenského národného povstania - päťtisícový sprievod vďaky  |c Anton Zerer 
611 1 7 |a Biela stopa SNP  |n (8. :  |d 1981 :  |c Kremnica, Slovensko)  |2 snkbucl  |9 1014090 
650 0 7 |a beh na lyžiach  |2 snkbucl  |9 3259 
655 7 |a články z novín a časopisov  |2 snkbucl  |9 267496 
773 0 |t Pravda  |g Roč. 62, č. 27 (2. 2. 1981), s. 6 
850 |a Slovenská národná knižnica v Martine  |a MTA001 
852 |a SNK  |b KIS3GCP 
992 |a RBX 
999 |c 1659923  |d 1661853